Statistiques concernant Pays ayant rejoint la Seconde Guerre mondiale

Cliquez ici pour prendre le quiz!

Statistiques générales

  • Ce quiz a été pris 51 fois
    (38 depuis la dernière actualisation)
  • Le résultat moyen est 24 sur 59

Statistiques - réponses

Nombre de décès (indices)Réponse% Correct
567,600 MortsFrance
100%
7,060,000 MortsAllemagne
94%
418,500 MortsEtats - Unis
94%
454,600 MortsItalie
83%
2,620,000 MortsJapon
83%
6,000,000 MortsPologne
83%
14,000,000 MortsChine
80%
26,000,000 MortsUnion Soviétique
77%
120,000 MortsAutriche
74%
2,000 Morts
Brésil
71%
400,000 MortsGrèce
69%
88,000 MortsBelgique
66%
45,400 MortsCanada
66%
Espagne
66%
800,000 MortsCorée
63%
100 MortsMexique
63%
600 MortsSuède
63%
580,000 MortsHongrie
60%
40,500 MortsAustralie
57%
301,000 MortsPays - Bas
57%
200 MortsTurquie
54%
100,000 MortsFinlande
51%
9,500 MortsNorvège
51%
3,200 MortsDanemark
49%
3,000,000 MortsInde
46%
800,000 MortsRoumanie
46%
100 MortsSuisse
46%
200 MortsIrlande
43%
100 MortsCuba
40%
50,000 MortsEstonie
40%
2,000 MortsLuxembourg
40%
10,160,000 MortsAfrique du Sud
37%
25,000 MortsBulgarie
37%
200 MortsIran
34%
200 MortsIslande
34%
1,027,000 MortsYougoslavie
34%
230,000 MortsLettonie
31%
11,900 MortsNouvelle - Zélande
31%
325,000 MortsTchécoslovaquie
26%
30,000 MortsAlbanie
23%
300 MortsMongolie
23%
272,000 MortsBirmanie
17%
350,000 MortsLithuanie
17%
1,500 MortsMalte
17%
100,000 MortsMalaisie
14%
1 MortVatican
14%
100,000 MortsEthiopie
11%
Népal
11%
450,900 MortsRoyaume - Unis
9%
1,057,000 MortsPhilipines
6%
15,000 MortsPapouasie - Nouvelle - Guinée
3%
70,000 MortsTimor Portugais
3%
3,500,000 MortsInde néerlandaise
0%
1,500,000 MortsIndochine Française
0%
500 MortsIraq
0%
57,000 MortsMandat des îles du Pacifique
0%
500 MortsNauru
0%
300,000 MortsRuanda - Urundi
0%
50,000 MortsSingapoure
0%

Distribution des résultats

Percentile par nombre de réponses

% des personnes avec chaque résultat

Votre développement - résultats

Vous n’avez pas pris ce quiz depuis la dernière actualisation